Identification and system parameter estimation, 1985 : 7th IFAC/IFORS symposium York, UK,3-7 July 1985 /
Guardado en:
| Autores Corporativos: | , , , |
|---|---|
| Otros Autores: | , |
| Formato: | Libro |
| Idioma: | Spanish |
| Publicado: |
Oxford [Oxfordshire] :
Published for the International Federation of Automatic Control by Pergamon Press,
1985.
|
| Series: | IFAC proceedings series ;
1985, no. 7 |
| Materias: | |
| Etiquetas: |
Agregar Etiqueta
Sin Etiquetas, Sea el primero en etiquetar este registro!
|
| LEADER | 01759nam a22003135a 4500 | ||
|---|---|---|---|
| 001 | EIQ.libpla001399 | ||
| 008 | 060921s1985####enka#####b####100#0#spa#d | ||
| 005 | 20060922144828.0 | ||
| 245 | 1 | 0 | |a Identification and system parameter estimation, 1985 : |b 7th IFAC/IFORS symposium York, UK,3-7 July 1985 / |c edited by H.A. Barker and P.C. Young. |
| 260 | |a Oxford [Oxfordshire] : |b Published for the International Federation of Automatic Control by Pergamon Press, |c 1985. | ||
| 300 | |a 2 v. (xxxvii, 2003 p.) : |b il. ; |c 31 cm. | ||
| 440 | 0 | |a IFAC proceedings series ; |v 1985, no. 7 | |
| 500 | |a "Organized by the Institution of Electrical Engineers (IEE) on behalf of the United Kingdom Automatic Control Council (UKACC); sponsored by International Federation of Automatic Control (IFAC); co-sponsored by International Federation of Operational Research Societies (IFORS)". | ||
| 500 | |a "Preprints". | ||
| 504 | |a Incluye referencias bibliográficas e índice. | ||
| 020 | |a 0080325602 | ||
| 111 | 2 | |a IFAC/IFORS Symposium on Identification and System Parameter Estimation |n (7th : |d 1985 : |c York, England) | |
| 700 | 1 | |a Barker, H. A., |e ed. |4 edt | |
| 700 | 1 | |a Young, Peter C., |d 1939-, |e ed. |4 edt | |
| 710 | 2 | |a International Federation of Automatic Control. | |
| 710 | 2 | |a International Federation of Operational Societies. | |
| 710 | 2 | |a Institution of Electrical Engineers. | |
| 650 | 4 | |a Identificación de sistemas |x Congresos. | |
| 650 | 4 | |a Estimación de parámetros |x Congresos. | |
| 650 | 4 | |a Parameter estimation |x Congresses. | |
| 650 | 4 | |a System identification |x Congresses. | |
| 040 | |a AR-BbSID |b spa |c AR-BbSID | ||
| 859 | |a AR-BbSID |b BIB. PLAPIQUI |h 629.813 12 |i In 8 |p 4549 |v Vol. 1 |3 Vol. 1 | ||
| 859 | |a AR-BbSID |b BIB. PLAPIQUI |h 629.813 12 |i In 8 |p 4550 |v Vol. 2 |3 Vol. 2 | ||
